| 000 | 00756nam a2200253 i 4500 | ||
|---|---|---|---|
| 001 | 75842 | ||
| 003 | ES-MaACL | ||
| 005 | 20230906172623.0 | ||
| 007 | t| | ||
| 008 | 040928s1988 sp ||||1| spa d | ||
| 020 | _a84-206-8089-3 | ||
| 100 | 1 |
_aGravelle, Hugh. _959774 |
|
| 245 | 1 | 0 |
_aMicroeconomía / _cHugh Gravelle y Ray Rees ; versión española de Javier... [et al.]. |
| 250 | _a3ª reimp. | ||
| 260 |
_aMadrid : _bAlianza, _c1988. |
||
| 300 |
_a664 p. : _bil. ; _c23 cm. |
||
| 490 | 1 |
_aAlianza universidad. Textos ; _v89 |
|
| 500 | _aIndice. | ||
| 700 | 1 |
_aRees, Ray. _995853 |
|
| 700 | 1 |
_aAndrés, Javier. _921575 |
|
| 830 | 0 |
_aAlianza universidad. Textos ; _v89 _9177885 |
|
| 852 |
_aES-MaACL _jL-12512 _bR.116158 |
||
| 999 |
_c75842 _d75842 |
||